CBI/GVA Grimley corporate real estate survey (Record no. 110280)

MARC details
000 -LEADER
fixed length control field 01299cad a22002535a 4500
001 - CONTROL NUMBER
control field E148911
008 - FIXED-LENGTH DATA ELEMENTS--GENERAL INFORMATION
fixed length control field 091126s2009 xxkad f s 000 0 eng d
035 ## - SYSTEM CONTROL NUMBER
System control number (Sirsi) u148911
041 0# - LANGUAGE CODE
Language code of text/sound track or separate title eng
050 04 - LIBRARY OF CONGRESS CALL NUMBER
Classification number 333.22 $2 18
110 2# - MAIN ENTRY--CORPORATE NAME
Corporate name or jurisdiction name as entry element CBI
245 00 - TITLE STATEMENT
Title CBI/GVA Grimley corporate real estate survey
Remainder of title Autumn 2009
Medium [electronic resource]
300 ## - PHYSICAL DESCRIPTION
Extent London
Other physical details CBI
Dimensions 2009
490 #0 - SERIES STATEMENT
Series statement CBI/GVA Grimley Corporate Real Estate Survey
Volume/sequential designation Autumn 2009
520 ## - SUMMARY, ETC.
Summary, etc. Suggests that business confidence for the next two years is increasing and that output expectations for the next six months are also positive. Businesses are continuing to focus on cash flow and reducing costs, and the number of companies that would consider relocating abroad has increased from a year ago.
520 ## - SUMMARY, ETC.
Summary, etc. Formerly CBI/GVA Grimley Survey of Property Trends.
590 ## - LOCAL NOTE (RLIN)
Local note KA
650 24 - SUBJECT ADDED ENTRY--TOPICAL TERM
Topical term or geographic name entry element CBI/CGV GRIMLEY CORPORATE REAL ESTATE SURVEY
651 #4 - SUBJECT ADDED ENTRY--GEOGRAPHIC NAME
Geographic name United Kingdom
Chronological subdivision
690 ## - LOCAL SUBJECT ADDED ENTRY--TOPICAL TERM (OCLC, RLIN)
Topical term or geographic name as entry element PROPERTY-COMMERCIAL PROPERTY-COMMERCIAL PROPERTY MARKET
710 1# - ADDED ENTRY--CORPORATE NAME
Corporate name or jurisdiction name as entry element GVA Grimley
9 (RLIN) 3646
856 40 - ELECTRONIC LOCATION AND ACCESS
Uniform Resource Identifier <a href="https://www.propertyweek.com/Journals/Builder_Group/Property_Week/20_November_2009/attachments/06404%20Corporate%20ConsultancyCBI%20Survey%20MAIN.pdf">https://www.propertyweek.com/Journals/Builder_Group/Property_Week/20_November_2009/attachments/06404%20Corporate%20ConsultancyCBI%20Survey%20MAIN.pdf</a>
Public note View this report free of charge (pdf file) at www.propertyweek.com
942 ## - ADDED ENTRY ELEMENTS (KOHA)
Suppress in OPAC 0
Holdings
Withdrawn status Lost status Source of classification or shelving scheme Damaged status Not for loan Home library Current library Shelving location Date acquired Total Checkouts Full call number Barcode Date last seen Copy number Price effective from Koha item type
    Dewey Decimal Classification     Virtual Virtual Online 26/11/2009   ONLINE PUBLICATION 148911-2001 06/08/2019 1 06/08/2019 Book